000 00427nam a22001697a 4500
003 MPLRDC
005 20220104124636.0
008 210129b ||||| |||| 00| 0 eng d
082 _a520.931 HLCZ
100 _a黑柳彻子
245 _a爱心教育: 小彻在学校里
_c朱佩兰译
250 _a第一版
260 _a
_b山边社
_c1984
300 _b
650 _a教育史及现状
942 _cBK
_o520.931 HLCZ
999 _c20975
_d20965